[Event "Mistrovstvi CR senioru nad 60 let"]
[Site "Rychnov nad Kneznou"]
[Date "2015.08.21"]
[Round "7.22"]
[White "Burdilak, Milan"]
[Black "Tsapanidis, Vasilis"]
[Result "0-1"]
[WhiteElo "1743"]
[BlackElo "1816"]
[PlyCount "98"]
[EventDate "2015.08.15"]

1. d4 d6 2. Nf3 g6 3. g3 Bg7 4. Bg2 Nc6 5. O-O Nh6 6. Nc3 O-O 7. e4 f6 8. Qe2
Nf7 9. Rd1 e5 10. d5 Ne7 11. Be3 f5 12. Ng5 Nxg5 13. Bxg5 h6 14. Be3 fxe4 15.
Nxe4 Nf5 16. c4 Nxe3 17. fxe3 b6 18. b4 a5 19. a3 h5 20. Qd2 Bg4 21. Rf1 Rxf1+
22. Rxf1 axb4 23. axb4 Qe7 24. c5 bxc5 25. bxc5 Bf5 26. c6 Bh6 27. Qc3 Ra4 28.
Nf2 e4 29. Qb3 Ra5 30. Re1 Kh7 31. Qc4 Qe5 32. Nxe4 Ra1 33. Rxa1 Bxe3+ 34. Nf2
Qxa1+ 35. Qf1 Qd4 36. Bf3 Kg7 37. Kg2 Bxf2 38. Qxf2 Qxf2+ 39. Kxf2 Kf6 40. Ke3
Ke5 41. h4 Bb1 42. Bg2 Ba2 43. Be4 Bxd5 44. Bxg6 Bxc6 45. Bxh5 d5 46. Bg4 d4+
47. Kd2 Be4 48. h5 c5 49. h6 Kf6 0-1

[Event "Mistrovstvi CR senioru nad 60 let"]
[Site "Rychnov nad Kneznou"]
[Date "2015.08.21"]
[Round "7.23"]
[White "Bartosek, Ivan"]
[Black "Kasik, Miroslav"]
[Result "0-1"]
[WhiteElo "1812"]
[BlackElo "1753"]
[PlyCount "72"]
[EventDate "2015.08.15"]

1. e4 c5 2. f4 d6 3. Bc4 e6 4. c3 a6 5. Nf3 b5 6. Bb3 Bb7 7. f5 exf5 8. exf5 c4
9. Bc2 Be7 10. a4 Nf6 11. axb5 axb5 12. Rxa8 Bxa8 13. Na3 Qb6 14. d3 cxd3 15.
Bxd3 O-O 16. Nxb5 Re8 17. Nbd4 Bd8+ 18. Be2 Nc6 19. O-O Ne5 20. Kh1 Nxf3 21.
Bxf3 Bxf3 22. Qxf3 d5 23. Ne2 Bc7 24. b4 Qb5 25. Nf4 Be5 26. Rd1 Bxf4 27. Bxf4
Qc4 28. h3 Ne4 29. Re1 f6 30. Bd2 Rc8 31. Qe3 Ra8 32. Rc1 Ra2 33. Be1 h6 34.
Kh2 Qf1 35. Qg1 Qf4+ 36. Kh1 Qxc1 0-1

[Event "Mistrovstvi CR senioru nad 60 let"]
[Site "Rychnov nad Kneznou"]
[Date "2015.08.21"]
[Round "7.24"]
[White "Pokorny, Jan"]
[Black "Palla, Stanislav"]
[Result "1-0"]
[WhiteElo "1803"]
[BlackElo "1738"]
[PlyCount "140"]
[EventDate "2015.08.15"]

1. c4 Nf6 2. Nf3 g6 3. g3 Bg7 4. Bg2 O-O 5. O-O d5 6. cxd5 Nxd5 7. Nc3 Nxc3 8.
dxc3 c6 9. Qb3 Nd7 10. Be3 Nf6 11. Rfd1 Qc7 12. Bf4 Qb6 13. Qxb6 axb6 14. Be5
Be6 15. a3 Nd5 16. Bxg7 Kxg7 17. Ng5 h6 18. Nxe6+ fxe6 19. c4 Nf6 20. Rd3 Rad8
21. Rad1 Rxd3 22. Rxd3 g5 23. Rb3 Rd8 24. f3 Kf7 25. Rxb6 Rd7 26. a4 Rc7 27.
Rb3 Nd7 28. Bh3 Kf6 29. Re3 Nf8 30. Bg4 Rd7 31. Rb3 Ng6 32. Bh3 Nf8 33. a5 Rc7
34. e3 Nd7 35. f4 Nc5 36. Rc3 Rd7 37. Bf1 g4 38. b4 Ne4 39. Rd3 Rd6 40. b5 Rxd3
41. Bxd3 Nc5 42. Be2 Kf5 43. bxc6 bxc6 44. Bf1 e5 45. e4+ Kxe4 46. Bg2+ Kd4 47.
fxe5 Kxc4 48. a6 Na4 49. Bxc6 Nb6 50. a7 Kd4 51. a8=Q Nxa8 52. Bxa8 Kxe5 53.
Kf2 Kd4 54. Ke2 e5 55. Bc6 e4 56. Be8 Ke5 57. Ke3 Kf5 58. Bc6 Kg5 59. Kxe4 h5
60. Ke5 h4 61. Be8 hxg3 62. hxg3 Kh6 63. Kf5 Kg7 64. Kxg4 Kf8 65. Ba4 Kg7 66.
Kg5 Kh7 67. Kf6 Kh8 68. g4 Kg8 69. g5 Kh7 70. g6+ Kh8 1-0

[Event "Mistrovstvi CR senioru nad 60 let"]
[Site "Rychnov nad Kneznou"]
[Date "2015.08.21"]
[Round "7.25"]
[White "Wiedermann, Jan"]
[Black "Vesely, Emanuel"]
[Result "0-1"]
[WhiteElo "1729"]
[BlackElo "1813"]
[PlyCount "86"]
[EventDate "2015.08.15"]

1. d4 Nf6 2. c4 e6 3. Nc3 Bb4 4. a3 Bxc3+ 5. bxc3 O-O 6. Nf3 d6 7. Qc2 Nbd7 8.
e4 e5 9. Bd3 Re8 10. O-O Nf8 11. h3 Ng6 12. Bg5 h6 13. Be3 Nh5 14. g4 Nhf4 15.
Kh2 Qf6 16. Be2 b6 17. c5 Nxe2 18. Qxe2 Ba6 19. Qxa6 Qxf3 20. Rg1 Qxe4 21. cxd6
cxd6 22. Qb5 Nh4 23. Kg3 Nf3 24. Rgd1 f5 25. gxf5 Qxf5 26. Qd5+ Kh8 27. Qxf3
Qg6+ 28. Qg4 Qf6 29. dxe5 dxe5 30. Qe4 Rac8 31. c4 Rf8 32. Rac1 Rf7 33. c5 bxc5
34. Rxc5 Rcf8 35. Rxe5 Qa6 36. a4 Qe2 37. Qd4 Rf6 38. Re7 Rg6+ 39. Kh2 Rf3 40.
Re8+ Kh7 41. Rg1 Rxh3+ 42. Kxh3 Qf3+ 43. Rg3 Qh1# 0-1

[Event "Mistrovstvi CR senioru nad 70 let a nad "]
[Site "Rychnov nad Kneznou"]
[Date "2015.08.21"]
[Round "7.1"]
[White "Skokan, Zdenek"]
[Black "Pecka, Frantisek"]
[Result "1/2-1/2"]
[WhiteElo "1995"]
[BlackElo "2069"]
[PlyCount "31"]
[EventDate "2015.08.15"]

1. e4 c5 2. Nc3 e6 3. g3 Nc6 4. Bg2 g6 5. d3 Bg7 6. Nge2 Nge7 7. O-O a6 8. Be3
Nd4 9. Qd2 d6 10. Nd1 Nxe2+ 11. Qxe2 Rb8 12. f4 b6 13. c3 d5 14. Nf2 d4 15. Bd2
O-O 16. g4 1/2-1/2

[Event "Mistrovstvi CR senioru nad 70 let a nad "]
[Site "Rychnov nad Kneznou"]
[Date "2015.08.21"]
[Round "7.2"]
[White "Mesiarik, Rudolf"]
[Black "Vitek, Vaclav"]
[Result "1/2-1/2"]
[WhiteElo "2049"]
[BlackElo "2038"]
[PlyCount "42"]
[EventDate "2015.08.15"]

1. Nf3 f5 2. g3 Nf6 3. Bg2 d6 4. d4 c6 5. c4 g6 6. O-O Bg7 7. Nc3 O-O 8. d5 c5
9. Ng5 Na6 10. Nf3 Nc7 11. Nd2 Bd7 12. e4 Qc8 13. exf5 Bxf5 14. Re1 Ng4 15. Nf3
Ne5 16. Nxe5 Bxe5 17. Be3 Qd7 18. Qe2 Rf7 19. Ne4 Bxe4 20. Bxe4 b5 21. Bd3 bxc4
1/2-1/2

[Event "Mistrovstvi CR senioru nad 70 let a nad "]
[Site "Rychnov nad Kneznou"]
[Date "2015.08.21"]
[Round "7.3"]
[White "Pojedziniec, Wladyslaw"]
[Black "Macura, Emil"]
[Result "1/2-1/2"]
[WhiteElo "2048"]
[BlackElo "2016"]
[PlyCount "37"]
[EventDate "2015.08.15"]

1. d4 Nf6 2. c4 c5 3. d5 e5 4. Nc3 d6 5. e4 Be7 6. Bd3 Nbd7 7. Be3 Nf8 8. f3
Ng6 9. Qd2 Bd7 10. Nge2 a6 11. Ng3 Qc8 12. Nf5 Bxf5 13. exf5 Nh4 14. Qc2 g6 15.
fxg6 hxg6 16. O-O-O Nf5 17. Bxf5 Qxf5 18. h3 O-O-O 19. Rhf1 1/2-1/2

[Event "Mistrovstvi CR senioru nad 70 let a nad "]
[Site "Rychnov nad Kneznou"]
[Date "2015.08.21"]
[Round "7.4"]
[White "Bohuslav, Jan"]
[Black "Most, Zdenek"]
[Result "1/2-1/2"]
[WhiteElo "1961"]
[BlackElo "2033"]
[PlyCount "54"]
[EventDate "2015.08.15"]

1. e4 c5 2. Nf3 d6 3. d4 Nf6 4. Nc3 cxd4 5. Nxd4 a6 6. a4 Nc6 7. Be2 Bd7 8. O-O
Rc8 9. Nb3 g6 10. a5 Be6 11. Nd4 Nxd4 12. Qxd4 Bg7 13. Qb4 Qc7 14. Be3 Nd7 15.
Bd4 Bxd4 16. Qxd4 O-O 17. f4 Qc5 18. Ra4 Qxd4+ 19. Rxd4 f5 20. Bd3 Rc5 21. Nd5
Bxd5 22. Rxd5 Rxd5 23. exd5 Rc8 24. c4 Nc5 25. Bc2 Nd7 26. Bd3 Nc5 27. Bc2 Nd7
1/2-1/2

[Event "Mistrovstvi CR senioru nad 70 let a nad "]
[Site "Rychnov nad Kneznou"]
[Date "2015.08.21"]
[Round "7.5"]
[White "Pavlicek, Petr"]
[Black "Chmelik, Jiri"]
[Result "1/2-1/2"]
[WhiteElo "1931"]
[BlackElo "1981"]
[PlyCount "43"]
[EventDate "2015.08.15"]

1. Nf3 Nf6 2. d4 e6 3. c4 b6 4. g3 Bb7 5. Bg2 Be7 6. O-O O-O 7. Nc3 Ne4 8. Qc2
Nxc3 9. Qxc3 Bf6 10. Qc2 g6 11. Bh6 Bg7 12. Bxg7 Kxg7 13. e4 d6 14. Rac1 c5 15.
Rfd1 Qe7 16. e5 dxe5 17. dxe5 Nc6 18. Qe2 Rad8 19. Rc3 Rxd1+ 20. Qxd1 Rd8 21.
Rd3 Rxd3 22. Qxd3 1/2-1/2

[Event "Mistrovstvi CR senioru nad 70 let a nad "]
[Site "Rychnov nad Kneznou"]
[Date "2015.08.21"]
[Round "7.6"]
[White "Volf, Jaroslav"]
[Black "Laszkiewicz, Jerzy"]
[Result "1/2-1/2"]
[WhiteElo "2045"]
[BlackElo "1935"]
[PlyCount "43"]
[EventDate "2015.08.15"]

1. e4 c5 2. c3 Nf6 3. e5 Nd5 4. d4 cxd4 5. cxd4 e6 6. Nc3 Nxc3 7. bxc3 d6 8.
exd6 Bxd6 9. Nf3 Qc7 10. Bd2 Nc6 11. Bd3 Ne7 12. O-O Ng6 13. Re1 Be7 14. Rb1 b6
15. Be4 Rb8 16. g3 O-O 17. Qc2 Bb7 18. Bxb7 Qxb7 19. Qe4 Qxe4 20. Rxe4 Bd6 21.
Be1 Rfc8 22. Re2 1/2-1/2

[Event "Mistrovstvi CR senioru nad 70 let a nad "]
[Site "Rychnov nad Kneznou"]
[Date "2015.08.21"]
[Round "7.7"]
[White "Zeman, Ladislav"]
[Black "Glembek, Bohumir"]
[Result "1-0"]
[WhiteElo "1849"]
[BlackElo "1817"]
[PlyCount "73"]
[EventDate "2015.08.15"]

1. b3 e5 2. Bb2 d6 3. e3 Nf6 4. c4 Be7 5. d3 O-O 6. Be2 h6 7. Bf3 c6 8. Nd2 Nh7
9. g3 f5 10. Ne2 Bf6 11. O-O Be6 12. d4 e4 13. Nf4 Bf7 14. Bh5 Qe8 15. Rb1 g6
16. Be2 Bg7 17. h4 Nf6 18. d5 c5 19. Kg2 Nbd7 20. Rh1 Ne5 21. Nf1 Neg4 22. Bxg4
Nxg4 23. Bxg7 Kxg7 24. Qd2 Rh8 25. Nh2 Ne5 26. Qc3 g5 27. Nh3 Kg6 28. h5+ Kxh5
29. b4 b6 30. bxc5 dxc5 31. Ng4 Kxg4 32. f3+ exf3+ 33. Kf2 Ng6 34. Kg1 f4 35.
Nf2+ Kf5 36. e4+ Qxe4 37. g4# 1-0

[Event "Mistrovstvi CR senioru nad 70 let a nad "]
[Site "Rychnov nad Kneznou"]
[Date "2015.08.21"]
[Round "7.8"]
[White "Biza, Miroslav"]
[Black "Vlasak, Ladislav"]
[Result "1/2-1/2"]
[WhiteElo "1783"]
[BlackElo "1771"]
[PlyCount "60"]
[EventDate "2015.08.15"]

1. d4 Nf6 2. Bf4 g6 3. Nf3 Bg7 4. c4 O-O 5. Nc3 d6 6. e4 Nh5 7. Bg5 h6 8. Bh4
Bg4 9. Be2 Nf4 10. O-O Nxe2+ 11. Nxe2 Bxf3 12. gxf3 g5 13. Bg3 e5 14. dxe5 dxe5
15. Qb3 Qc8 16. Kg2 Nc6 17. h4 b6 18. hxg5 hxg5 19. Rh1 Qe6 20. Rh5 f6 21. Qd1
Kf7 22. Qd5 Rh8 23. Rah1 Rxh5 24. Rxh5 Rh8 25. Rxh8 Bxh8 26. a3 a5 27. Nc3 Ne7
28. Qd8 Qc8 29. Qxc8 Nxc8 30. Nd5 c6 1/2-1/2

[Event "Mistrovstvi CR senioru nad 70 let a nad "]
[Site "Rychnov nad Kneznou"]
[Date "2015.08.21"]
[Round "7.9"]
[White "Zikmund, Jaroslav"]
[Black "Folta, Jaroslav"]
[Result "1/2-1/2"]
[WhiteElo "1830"]
[BlackElo "1768"]
[PlyCount "72"]
[EventDate "2015.08.15"]

1. d4 d5 2. c4 c6 3. e3 Bf5 4. Nc3 e6 5. Bd3 Bxd3 6. Qxd3 Nf6 7. Nf3 Bd6 8. O-O
Nbd7 9. h3 O-O 10. c5 Bc7 11. b4 a6 12. Bd2 Qe7 13. e4 dxe4 14. Nxe4 Nxe4 15.
Qxe4 Rad8 16. Bg5 f6 17. Bf4 f5 18. Qe3 Bxf4 19. Qxf4 Nf6 20. a3 Ne4 21. Rad1
g5 22. Qc1 g4 23. hxg4 fxg4 24. Qe3 gxf3 25. Qxe4 fxg2 26. Qxg2+ Kh8 27. Qh2
Rd5 28. f4 Rff5 29. Rf3 Rh5 30. Rh3 Rxh3 31. Qxh3 Rxd4 32. Rxd4 Qg7+ 33. Kh1
Qxd4 34. Qxe6 Qxf4 35. Qc8+ Kg7 36. Qxb7+ Kg8 1/2-1/2

[Event "Mistrovstvi CR senioru nad 70 let a nad 80 let"]
[Site "Rychnov nad Kneznou"]
[Date "2015.08.21"]
[Round "7.10"]
[White "Csizmadia, Lajos"]
[Black "Strakos, Tomas"]
[Result "1/2-1/2"]
[WhiteElo "1826"]
[BlackElo "1716"]
[PlyCount "52"]
[EventDate "2015.08.15"]

1. e4 c5 2. Nf3 e6 3. d4 cxd4 4. Nxd4 a6 5. c4 Nf6 6. Nc3 Bb4 7. Bd3 Qc7 8. Bd2
O-O 9. O-O Bc5 10. Nb3 Ba7 11. Qe2 Nc6 12. Rae1 d6 13. Kh1 Ne5 14. f4 Nxd3 15.
Qxd3 Bd7 16. Nd4 Rad8 17. b3 Bc8 18. Be3 b6 19. Qc2 Ng4 20. Bg1 Bb7 21. h3 Nf6
22. e5 Nh5 23. Kh2 Nxf4 24. Rxf4 dxe5 25. Nxe6 fxe6 26. Rxf8+ Rxf8 1/2-1/2

[Event "Mistrovstvi CR senioru nad 50 let"]
[Site "Rychnov nad Kneznou"]
[Date "2015.08.22"]
[Round "8.1"]
[White "Jagiela, Piotr"]
[Black "Urban, Zdenek"]
[Result "0-1"]
[WhiteElo "1696"]
[BlackElo "2128"]
[EventDate "2015.08.15"]
[PlyCount "82"]

1. d4 f5 2. g3 Nf6 3. Bg2 d5 4. e3 e6 5. Ne2 c5 6. O-O Nc6 7. b3 Be7 8. Bb2 O-O
9. Nd2 b5 10. a4 b4 11. Rc1 Qd7 12. Re1 Ba6 13. c4 bxc3 14. Bxc3 Nb4 15. Bxb4
cxb4 16. f3 Rac8 17. Bf1 g5 18. Kf2 Kh8 19. Rxc8 Rxc8 20. Qb1 Bxe2 21. Bxe2 Rc3
22. Bd3 Qc7 23. Kg2 g4 24. Rd1 gxf3+ 25. Nxf3 Ne4 26. Re1 Bd6 27. Qd1 Bxg3 28.
Re2 Rc1 29. Qxc1 Qxc1 30. hxg3 Qd1 31. Ne5 Qxb3 32. a5 Qa4 33. a6 b3 34. Kf3
Qa1 35. Rh2 b2 36. Ng6+ Kg7 37. Nf4 Ng5+ 38. Kg2 b1=Q 39. Bxb1 Qxb1 40. Ne2 Qd1
41. Kf2 Ne4+ 0-1

[Event "Mistrovstvi CR senioru nad 50 let"]
[Site "Rychnov nad Kneznou"]
[Date "2015.08.22"]
[Round "8.2"]
[White "Kozak, Milos"]
[Black "Malinovsky, Petr"]
[Result "1-0"]
[WhiteElo "2160"]
[BlackElo "2006"]
[EventDate "2015.08.15"]
[PlyCount "69"]

1. d4 d5 2. c4 e6 3. Nf3 c6 4. e3 f5 5. Bd3 Nf6 6. O-O Bd6 7. b3 Qe7 8. Bb2 O-O
9. Qc1 b6 10. Ba3 c5 11. cxd5 exd5 12. Nc3 a6 13. dxc5 bxc5 14. Rd1 Be6 15. Ne2
g5 16. Nxg5 Bxh2+ 17. Kxh2 Ng4+ 18. Kg1 Qxg5 19. Qxc5 Nd7 20. Qd6 Rf6 21. Qg3
Rh6 22. Nf4 Re8 23. f3 Ndf6 24. fxg4 fxg4 25. Bd6 Bf5 26. Nh3 Qg6 27. Bxf5 Qxf5
28. Nf2 Nh5 29. Nxg4 Rg6 30. Nh6+ Kh8 31. Nxf5 Nxg3 32. Bxg3 Rg5 33. Rxd5 h5
34. Bh4 Rg4 35. Rad1 1-0

[Event "Mistrovstvi CR senioru nad 50 let"]
[Site "Rychnov nad Kneznou"]
[Date "2015.08.22"]
[Round "8.3"]
[White "Elias, Miroslav"]
[Black "Humlicek, Vojtech"]
[Result "1-0"]
[WhiteElo "2083"]
[BlackElo "2012"]
[PlyCount "79"]
[EventDate "2015.08.15"]

1. e4 c5 2. b3 Nc6 3. Bb2 e5 4. f4 exf4 5. Nf3 d6 6. Bb5 Bd7 7. O-O f6 8. Nc3
Nge7 9. d4 Qc7 10. Nd5 Nxd5 11. exd5 Ne7 12. Bxd7+ Qxd7 13. c4 O-O-O 14. b4 Nf5
15. Bc1 Ne3 16. Bxe3 fxe3 17. Qd3 Re8 18. Rfe1 cxb4 19. Rxe3 Rxe3 20. Qxe3 g6
21. Re1 Bg7 22. Qb3 Re8 23. Qxb4 b6 24. Qd2 Re7 25. Rb1 Qf5 26. Rf1 Qd7 27. c5
Qb5 28. cxd6 Rd7 29. Rc1+ Kd8 30. Qc3 Qa6 31. Ne5 fxe5 32. dxe5 Qb7 33. Qd4 g5
34. Qe4 h6 35. Rc6 Bf8 36. Qg6 Qb8 37. Qf6+ Ke8 38. Qg6+ Kd8 39. e6 Rxd6 40.
Qf6+ 1-0

[Event "Mistrovstvi CR senioru nad 50 let"]
[Site "Rychnov nad Kneznou"]
[Date "2015.08.22"]
[Round "8.4"]
[White "Dolezal, Rudolf"]
[Black "Masek, Jan"]
[Result "0-1"]
[WhiteElo "1758"]
[BlackElo "1963"]
[PlyCount "162"]
[EventDate "2015.08.15"]

1. d4 Nf6 2. c4 c5 3. Nf3 cxd4 4. Nxd4 e5 5. Nb5 d5 6. e3 Bc5 7. cxd5 O-O 8.
N1c3 a6 9. Na3 b5 10. Nc2 Bf5 11. a3 Bxc2 12. Qxc2 Nxd5 13. Bd3 Nxc3 14. Qxc3
Nd7 15. O-O Rc8 16. Qd2 f5 17. b4 Be7 18. Rd1 Nb6 19. Qe2 Qe8 20. Bb2 e4 21.
Bb1 Bf6 22. Ba2+ Kh8 23. Bd4 Na4 24. Bxf6 Rxf6 25. Qd2 Nc3 26. Rdc1 Rfc6 27.
Re1 Qe5 28. g3 Qc7 29. Kg2 h6 30. Bb3 Rd8 31. Qb2 Rd3 32. Rac1 Qd7 33. Rc2 f4
34. exf4 Qg4 35. h3 Qf3+ 36. Kh2 e3 37. Rxe3 Rxe3 38. fxe3 Qxe3 39. Rd2 h5 40.
Rd8+ Kh7 41. Qg2 h4 42. Bc2+ g6 43. Rd3 hxg3+ 44. Qxg3 Qxg3+ 45. Rxg3 Ne2 46.
Be4 Rf6 47. Rf3 Kg7 48. f5 Nd4 49. Rd3 Nxf5 50. Rd7+ Kh6 51. Rc7 Re6 52. Bf3
Re3 53. Bg4 Rxa3 54. Rc6 Kg5 55. Rc5 Ra2+ 56. Kg1 Kf4 57. Rc6 Nh4 58. Rf6+ Kg3
59. Kf1 g5 60. Rd6 Rf2+ 61. Ke1 Ng2+ 62. Kd1 Ne3+ 63. Ke1 Nxg4 64. hxg4 Rf4 65.
Rxa6 Rxb4 66. Ra3+ Kxg4 67. Kf2 Rf4+ 68. Kg2 b4 69. Rb3 Kf5 70. Rd3 g4 71. Rb3
Rc4 72. Rb2 Kf4 73. Kf2 Ke4 74. Ke2 g3 75. Kf1 Kd3 76. Rb3+ Kc2 77. Rxg3 b3 78.
Rg2+ Kc1 79. Re2 Rf4+ 80. Kg2 b2 81. Re1+ Kd2 0-1

[Event "Mistrovstvi CR senioru nad 50 let"]
[Site "Rychnov nad Kneznou"]
[Date "2015.08.22"]
[Round "8.5"]
[White "Kuru, Martin"]
[Black "Korinkova, Eva"]
[Result "1-0"]
[WhiteElo "1935"]
[BlackElo "1734"]
[PlyCount "96"]
[EventDate "2015.08.15"]

1. e4 c5 2. c3 g6 3. d4 cxd4 4. cxd4 d5 5. exd5 Qxd5 6. Nc3 Qd8 7. Nf3 Bg7 8.
Bc4 Nf6 9. Qb3 O-O 10. Ne5 e6 11. Be3 Nc6 12. Nxc6 bxc6 13. O-O Nd5 14. Rac1
Qb6 15. Qc2 a5 16. Na4 Qa7 17. Nc5 Rd8 18. Rfd1 Rb8 19. Bb3 Rb6 20. Na4 Rb4 21.
Qxc6 Bxd4 22. Bxd4 Rxd4 23. Rxd4 Qxd4 24. Rd1 Qb4 25. Nb6 Qf8 26. Nxd5 exd5 27.
h3 Be6 28. Qb5 Qd6 29. Qxa5 d4 30. Bxe6 fxe6 31. b4 Rb8 32. b5 Qc5 33. a4 e5
34. Qa6 Rb6 35. Qa8+ Kg7 36. Qe4 Qc7 37. Qd5 Kf6 38. a5 Rd6 39. Qa2 d3 40. Rd2
e4 41. a6 Rd7 42. Qb2+ Kf7 43. b6 Qb8 44. Qb5 Rd6 45. b7 Rd8 46. a7 Qxa7 47.
Qc4+ Kf8 48. Qxe4 Qa1+ 1-0

[Event "Mistrovstvi CR senioru nad 50 let"]
[Site "Rychnov nad Kneznou"]
[Date "2015.08.22"]
[Round "8.6"]
[White "Marinov, Peter"]
[Black "Papacek, Milos"]
[Result "1-0"]
[WhiteElo "1776"]
[BlackElo "1777"]
[PlyCount "67"]
[EventDate "2015.08.15"]

1. d4 Nf6 2. e3 d6 3. Bd3 g6 4. c3 Nbd7 5. f4 e5 6. fxe5 dxe5 7. Nd2 Bh6 8.
Ngf3 O-O 9. Qe2 exd4 10. cxd4 Nd5 11. Nc4 Re8 12. O-O N7f6 13. Nce5 Ng4 14.
Nxf7 Bxe3+ 15. Bxe3 Kxf7 16. Ne5+ Kg8 17. Bd2 Nxe5 18. dxe5 Be6 19. Bh6 Qh4 20.
Bd2 Qd4+ 21. Kh1 Rf8 22. Bh6 Rxf1+ 23. Rxf1 Qh4 24. Qd2 Nb4 25. Bb1 Rd8 26. Qe3
b6 27. a3 Nd5 28. Qd2 Re8 29. Ba2 c6 30. Qc1 Rc8 31. Qxc6 Qe7 32. Qxc8+ Bxc8
33. Bxd5+ Kh8 34. Rf8+ 1-0

[Event "Mistrovstvi CR senioru nad 60 let"]
[Site "Rychnov nad Kneznou"]
[Date "2015.08.22"]
[Round "8.1"]
[White "Sejkora, Vlastimil"]
[Black "Mlynek, Petr"]
[Result "1-0"]
[WhiteElo "2260"]
[BlackElo "2197"]
[EventDate "2015.08.15"]

1. e4  c6  2. d4  d5
3. e5  Bf5  4. Ne2
e6  5. Ng3  Bg6
6. h4  h5  7. Be2  Be7
8. Be3  c5  9. c3
Nc6  10. Nxh5  cxd4
11. cxd4  Bxh5  12. Bxh5
g6  13. Be2  Bb4+
14. Nc3  Rxh4  15. Rxh4
Qxh4  16. Qa4  O-O-O
17. Rc1  Kb8  18. g3
Qe4  19. Kd1  Bxc3
20. Rxc3  Qh1+  21. Kd2
Nge7  22. b4  Nf5
23. b5  Nce7  24. Ra3
Nc8  25. b6  Qa1
26. bxa7+  Ka8  27. Qb4
Rd7  28. Rc3  Nfe7
29. Qb3  Qg1  30. Bb5
Rd8  31. Rc7  Nxa7
32. Bc6  1-0

[Event "Mistrovstvi CR senioru nad 60 let"]
[Site "Rychnov nad Kneznou"]
[Date "2015.08.22"]
[Round "8.2"]
[White "Vorobyov, Yrij"]
[Black "Novotny, Josef"]
[Result "1-0"]
[WhiteElo "2130"]
[BlackElo "2150"]
[EventDate "2015.08.15"]
[PlyCount "107"]

1. e4 e6 2. d4 d6 3. g3 g6 4. Bg2 f6 5. f4 Nh6 6. Nf3 Bg7 7. O-O O-O 8. c4 Nc6
9. d5 Ne7 10. dxe6 Bxe6 11. Qd3 Qd7 12. Re1 Bh3 13. Bh1 Nf7 14. Nc3 c6 15. Be3
h6 16. Rad1 b6 17. Rd2 Rad8 18. Red1 Qe8 19. Qc2 f5 20. Bd4 fxe4 21. Bxg7 Kxg7
22. Nxe4 Ng8 23. Qc3+ Kh7 24. Nd4 d5 25. cxd5 cxd5 26. Nf2 Qd7 27. Nxh3 Qxh3
28. Nc6 Rc8 29. Bxd5 Ne7 30. Bg2 Qe6 31. Nd4 Qxa2 32. Qe3 Ng8 33. Ne6 Rfe8 34.
Rd7 Re7 35. Bd5 Qa4 36. Bb3 Qxd7 37. Rxd7 Rxd7 38. f5 g5 39. h4 gxh4 40. gxh4
Nf6 41. Nf4 Re8 42. Qc3 Ne5 43. Be6 Rg7+ 44. Kf1 Neg4 45. Ng6 Rd8 46. Ke2 Ne4
47. Qa3 Rc7 48. Ba2 Ngf6 49. Nf8+ Kh8 50. Ne6 Rc2+ 51. Ke3 Rg8 52. Ng5 hxg5 53.
Bxg8 Kxg8 54. Qb3+ 1-0

[Event "Mistrovstvi CR senioru nad 60 let"]
[Site "Rychnov nad Kneznou"]
[Date "2015.08.22"]
[Round "8.3"]
[White "Just, Pavel"]
[Black "Juricek, Stanislav"]
[Result "1/2-1/2"]
[WhiteElo "1999"]
[BlackElo "2112"]
[EventDate "2015.08.15"]

1. e4  e6  2. d4  d5
3. e5  c5  4. Nf3
Nc6  5. Bd3  cxd4
6. O-O  Qc7  7. Re1
Nge7  8. Nbd2 Ng6 9. Bxg6  fxg6
10. Nb3  Be7  11. Nbxd4
Nxd4  12. Nxd4  O-O
13. c3  Bd7  14. Qd3
Bc5  15. Be3  1/2-1/2

[Event "Mistrovstvi CR senioru nad 60 let"]
[Site "Rychnov nad Kneznou"]
[Date "2015.08.22"]
[Round "8.4"]
[White "Trojan, Lubos"]
[Black "Drabek, Miloslav"]
[Result "1/2-1/2"]
[WhiteElo "1998"]
[BlackElo "2079"]
[EventDate "2015.08.15"]

1. d4  d6  2. g3  Nf6
3. Bg2  Nbd7  4. e4
c6  5. c3  e5
6. Be3  Be7  7. Nh3  O-O
8. O-O  Nb6  9. Qd3
Be6  10. Nd2  Ng4
11. b3  d5  12. dxe5
Nxe5  13. Qc2  dxe4
1/2-1/2

[Event "Mistrovstvi CR senioru nad 60 let"]
[Site "Rychnov nad Kneznou"]
[Date "2015.08.22"]
[Round "8.5"]
[White "Lorenc, Oldrich"]
[Black "Uhmann, Jan"]
[Result "1/2-1/2"]
[WhiteElo "2050"]
[BlackElo "2019"]
[EventDate "2015.08.15"]

1. e4  e5  2. Nf3  Nc6
3. c3  Nf6  4. d4
d5  5. Bb5  exd4
6. e5  Ne4  7. cxd4
Bb4+  8. Bd2  Bxd2+
9. Nbxd2  Nxd2  10. Bxc6+
bxc6  11. Qxd2  Ba6
12. Rc1  O-O  13. Rxc6
Bb5  14. Rc5  c6
15. a4  Bxa4  16. O-O
Bb5 1/2-1/2

[Event "Mistrovstvi CR senioru nad 60 let"]
[Site "Rychnov nad Kneznou"]
[Date "2015.08.22"]
[Round "8.6"]
[White "Salac, Jiri"]
[Black "Ondrejat, Miroslav"]
[Result "1/2-1/2"]
[WhiteElo "2128"]
[BlackElo "1992"]
[PlyCount "134"]
[EventDate "2015.08.15"]

1. d4  c5  2. d5  e5
3. e4  d6  4. Nc3
Nf6  5. Be2  Be7
6. Nf3  O-O  7. O-O
Ne8  8. Nd2  f5
9. f4  exf4  10. Rxf4  g5
11. Rf1  f4  12. Bg4
Nf6  13. Bxc8  Qxc8
14. Qe2  Nbd7  15. Nc4
Ne5  16. Nxe5  dxe5
17. b3  Bd6  18. Bb2
Qd7  19. a4  Rf7
20. Nb5  h5  21. Na3
Re8  22. Rae1  g4
23. Qb5  a6  24. Qxd7
Nxd7  25. Nc4  Rf6
26. Bc3  b6  27. Bb2
a5  1/2-1/2

[Event "Mistrovstvi CR senioru nad 60 let"]
[Site "Rychnov nad Kneznou"]
[Date "2015.08.22"]
[Round "8.7"]
[White "Jablecnik, Gustav"]
[Black "Dolezal, Radoslav"]
[Result "1/2-1/2"]
[WhiteElo "2102"]
[BlackElo "1964"]
[EventDate "2015.08.15"]

1. e4  e5  2. Nc3  Nc6
3. Bc4  Nf6  4. d3
h6  5. Nf3  Bb4
6. a3  Bxc3+  7. bxc3  O-O
8. O-O  d6  9. Rb1
b6  10. h3  Qe7
11. Re1  Be6  12. Bb5  Na5
13. c4  c6  14. Ba4
Nd7  15. Bd2  Nc5
16. Bxa5  Nxa4  17. Bb4
Nc5  1/2-1/2

[Event "Mistrovstvi CR senioru nad 60 let"]
[Site "Rychnov nad Kneznou"]
[Date "2015.08.22"]
[Round "8.8"]
[White "Kotva, Milan"]
[Black "Vlachopulos, Georgis"]
[Result "1-0"]
[WhiteElo "2006"]
[BlackElo "1878"]
[PlyCount "67"]
[EventDate "2015.08.15"]

1. e4 g6 2. d4 Bg7 3. f4 Nf6 4. e5 Nd5 5. Nc3 Nxc3 6. bxc3 d6 7. Nf3 Nd7 8. Bc4
c5 9. Ng5 e6 10. Ne4 dxe5 11. Nd6+ Kf8 12. dxe5 Nxe5 13. fxe5 Bxe5 14. Bh6+ Ke7
15. Nxc8+ Rxc8 16. Qf3 Qa5 17. O-O f5 18. Rfe1 Qc7 19. Qe3 Bxh2+ 20. Kh1 e5 21.
Kxh2 e4+ 22. Bf4 Qc6 23. Bg5+ Ke8 24. Qf4 Qc7 25. Bb5+ Kf7 26. Rxe4 Qxf4+ 27.
Rxf4 h6 28. Bh4 g5 29. Rxf5+ Ke6 30. Raf1 gxh4 31. Rf6+ Ke5 32. R1f5+ Ke4 33.
Bd3+ Ke3 34. Rf2 1-0

[Event "Mistrovstvi CR senioru nad 60 let"]
[Site "Rychnov nad Kneznou"]
[Date "2015.08.22"]
[Round "8.9"]
[White "Perik, Alois"]
[Black "Demeter, Istvan"]
[Result "1/2-1/2"]
[WhiteElo "1862"]
[BlackElo "2025"]
[PlyCount "30"]
[EventDate "2015.08.15"]

1. c4 Nf6 2. Nc3 g6 3. g3 Bg7 4. Bg2 O-O 5. d4 d6 6. Nf3 Na6 7. O-O c5 8. d5
Nc7 9. Qc2 Rb8 10. e4 b5 11. cxb5 Nxb5 12. Nxb5 Rxb5 13. Bd2 Bd7 14. Bc3 Qb8
15. Rfe1 Ng4 1/2-1/2